[Event "C.to Europeo U16"]
[Site "Fermo ITA"]
[Date "2009.09.03"]
[Round "4"]
[White "Sochacki, Christophe"]
[Black "Huseyn, Orkhan Samir Oglu"]
[Result "1-0"]
[WhiteElo "2274"]
[BlackElo "2121"]
[PlyCount "83"]
[EventDate "2009.08.31"]

1. e4 c6 2. d4 d5 3. Nc3 dxe4 4. Nxe4 Nf6 5. Nxf6+ gxf6 6. c3 Bf5 7. Nf3 Qc7 8.
g3 e6 9. Bg2 Nd7 10. O-O O-O-O 11. b4 Be4 12. Re1 Bd5 13. a4 h5 14. Nh4 Bd6 15.
b5 f5 16. c4 Bxg2 17. Kxg2 c5 18. d5 Rde8 19. Bb2 Rhg8 20. Qxh5 Nb6 21. dxe6
fxe6 22. Nxf5 Nxc4 23. Nxd6+ Qxd6 24. Rad1 Qe7 25. Bf6 Qxf6 26. Qxc5+ Kb8 27.
Qxc4 Ref8 28. Qc5 Rg5 29. Qd6+ Ka8 30. f4 Rh5 31. Rxe6 Qh8 32. Kg1 Rxh2 33.
Qxf8+ Qxf8 34. Kxh2 Qh8+ 35. Kg1 Kb8 36. Red6 Qc3 37. R6d3 Qc4 38. Rd4 Qe2 39.
R1d2 Qf3 40. R4d3 Qe4 41. a5 Qe1+ 42. Kh2 1-0

[Event "C.to Europeo U16"]
[Site "Fermo ITA"]
[Date "2009.09.03"]
[Round "4"]
[White "Srbis, Jurica"]
[Black "Schaeken, Yordi"]
[Result "1/2-1/2"]
[WhiteElo "2250"]
[BlackElo "2078"]
[PlyCount "56"]
[EventDate "2009.08.31"]

1. e4 c5 2. Nf3 d6 3. d4 cxd4 4. Nxd4 Nf6 5. Nc3 g6 6. Be3 Bg7 7. f3 a6 8. Qd2
b5 9. Bh6 Bxh6 10. Qxh6 Bb7 11. O-O-O Nbd7 12. g4 Rc8 13. g5 Nh5 14. Nf5 Qa5
15. Ng7+ Nxg7 16. Qxg7 Rf8 17. Kb1 b4 18. Nd5 Qc5 19. Bh3 Qxc2+ 20. Ka1 Bxd5
21. exd5 b3 22. a3 Rc5 23. Qd4 Nb6 24. Rde1 Kd8 25. Qb4 Rb5 26. Qd4 Rc5 27. Qb4
Rb5 28. Qd4 Rc5 1/2-1/2

[Event "C.to Europeo U16"]
[Site "Fermo ITA"]
[Date "2009.09.03"]
[Round "4"]
[White "Stella, Andrea"]
[Black "Arribas Lopez, Angel"]
[Result "0-1"]
[WhiteElo "2301"]
[BlackElo "2429"]
[PlyCount "90"]
[EventDate "2009.08.31"]

1. d4 Nf6 2. c4 g6 3. Nc3 Bg7 4. e4 d6 5. Bd3 O-O 6. Nge2 Nc6 7. O-O Nh5 8. Bc2
e5 9. d5 Ne7 10. a4 f5 11. exf5 gxf5 12. Ng3 Nf4 13. Nh5 Nxh5 14. Qxh5 Ng6 15.
Bg5 Qd7 16. Ne2 c5 17. Ra3 e4 18. f3 Bxb2 19. Rb3 Be5 20. fxe4 f4 21. h3 Qe8
22. Kh1 Bd7 23. Rxb7 Rf7 24. Rfb1 Bc8 25. Rb8 Rxb8 26. Rxb8 Qd7 27. Qg4 Qxg4
28. hxg4 Rf8 29. Bh6 Bg7 30. g5 Bxh6 31. gxh6 Bg4 32. Rxf8+ Kxf8 33. Nc1 Kf7
34. Kg1 Kf6 35. e5+ Nxe5 36. Bxh7 Kg5 37. Bd3 Kxh6 38. a5 Kg5 39. Kf2 Bc8 40.
Be2 Ba6 41. Nb3 Bxc4 42. Bxc4 Nxc4 43. a6 Kf5 44. Kf3 Ne5+ 45. Ke2 Ke4 0-1

[Event "C.to Europeo U16"]
[Site "Fermo ITA"]
[Date "2009.09.03"]
[Round "4"]
[White "Van Kampen, Robin"]
[Black "Baghdasaryan, Vahe"]
[Result "1/2-1/2"]
[WhiteElo "2383"]
[BlackElo "2275"]
[PlyCount "76"]
[EventDate "2009.08.31"]

1. e4 c5 2. Nf3 e6 3. d4 cxd4 4. Nxd4 a6 5. Nc3 Qc7 6. g3 Nc6 7. Bg2 Be7 8. O-O
d6 9. Re1 Bd7 10. Nxc6 Bxc6 11. Qg4 h5 12. Qe2 h4 13. a4 hxg3 14. hxg3 Nf6 15.
a5 Rh5 16. Bd2 Kf8 17. Bf3 Re5 18. Qd3 Rd8 19. Qd4 Nd7 20. b4 g5 21. Qc4 Bf6
22. Rad1 b5 23. axb6 Nxb6 24. Qb3 d5 25. exd5 exd5 26. Rxe5 Qxe5 27. Ne2 Ba4
28. Qd3 Bb5 29. Qe3 Nc4 30. Qxe5 Nxe5 31. Bh5 g4 32. Nd4 Nf3+ 33. Nxf3 Be2 34.
Bh6+ Kg8 35. Rd4 Bxf3 36. Rf4 Re8 37. Kf1 Be2+ 38. Kg1 Bf3 1/2-1/2

[Event "C.to Europeo U16"]
[Site "Fermo ITA"]
[Date "2009.09.03"]
[Round "4"]
[White "Vandevenne, Sander"]
[Black "Gouliaros-Antoniadis, Alexandros"]
[Result "1-0"]
[WhiteElo "2043"]
[BlackElo "1858"]
[PlyCount "67"]
[EventDate "2009.08.31"]

1. e4 c5 2. c3 Nf6 3. e5 Nd5 4. d4 cxd4 5. cxd4 e6 6. Nc3 Nxc3 7. bxc3 Qc7 8.
Bd2 d6 9. f4 Bd7 10. Nf3 Bc6 11. Bd3 Nd7 12. O-O Be7 13. Qe2 O-O 14. Rae1 Rfe8
15. Ng5 Bxg5 16. fxg5 Nf8 17. exd6 Qxd6 18. Qf2 Qd7 19. Re3 Rad8 20. Rh3 g6 21.
Bf4 e5 22. Bxe5 Rxe5 23. dxe5 Qd5 24. Re3 Ne6 25. Qxf7+ Kh8 26. Qf6+ Kg8 27.
Be4 Qc4 28. Qf7+ Kh8 29. Bxg6 Rd7 30. Qe8+ Kg7 31. Rf7+ Kxg6 32. Rxd7+ Kxg5 33.
Qg8+ Kf4 34. Qg3+ 1-0

[Event "C.to Europeo U16"]
[Site "Fermo ITA"]
[Date "2009.09.04"]
[Round "5"]
[White "Anaya Lopez, Gonzalo Javier"]
[Black "Binci, Luca"]
[Result "1/2-1/2"]
[WhiteElo "1871"]
[BlackElo "1675"]
[PlyCount "34"]
[EventDate "2009.08.31"]

1. e4 c5 2. Nf3 d6 3. d4 cxd4 4. Nxd4 Nf6 5. Nc3 a6 6. Bg5 e6 7. f4 Qb6 8. Qd2
Qxb2 9. Rb1 Qa3 10. Rb3 Qa5 11. Bxf6 gxf6 12. f5 Qc7 13. Be2 h5 14. Rf1 Be7 15.
Qd1 e5 16. Nf3 Nc6 17. Qd2 Na5 1/2-1/2

[Event "C.to Europeo U16"]
[Site "Fermo ITA"]
[Date "2009.09.04"]
[Round "5"]
[White "Andreev, Sasho"]
[Black "Stella, Andrea"]
[Result "0-1"]
[WhiteElo "2090"]
[BlackElo "2301"]
[PlyCount "80"]
[EventDate "2009.08.31"]

1. d4 Nf6 2. c4 e6 3. Nf3 b6 4. g3 Ba6 5. b3 b5 6. cxb5 Bxb5 7. Bg2 Bc6 8. O-O
Qc8 9. Bg5 Ne4 10. Bf4 d6 11. Qc2 Qb7 12. Rc1 Be7 13. Na3 Nf6 14. Nc4 Be4 15.
Qd1 O-O 16. Ncd2 Bc6 17. Qc2 Nd5 18. e4 Nxf4 19. gxf4 a5 20. Rab1 Rc8 21. d5
exd5 22. Nd4 Bd7 23. exd5 Na6 24. Nc6 Bxc6 25. dxc6 Qb5 26. Re1 Nb4 27. Qe4 Bf6
28. a3 d5 29. Qf5 Nxc6 30. Bxd5 Nd4 31. a4 Nxf5 32. axb5 Rab8 33. Nc4 Rxb5 34.
Bc6 Rc5 35. Bd7 Rd8 36. Re4 g6 37. Ba4 Kg7 38. Rc1 Nd6 39. Ree1 Nxc4 40. Re4
Nd2 0-1

[Event "C.to Europeo U16"]
[Site "Fermo ITA"]
[Date "2009.09.04"]
[Round "5"]
[White "Antolin Concha, Diego"]
[Black "Rozic, Samo"]
[Result "1-0"]
[WhiteElo "2252"]
[BlackElo "1999"]
[PlyCount "57"]
[EventDate "2009.08.31"]

1. d4 e6 2. c4 f5 3. Nc3 Nf6 4. Qc2 Bb4 5. a3 Bxc3+ 6. Qxc3 b6 7. f3 Bb7 8. e3
O-O 9. Bd3 g6 10. Ne2 Qe7 11. b4 d6 12. Bb2 Nbd7 13. Bc2 e5 14. dxe5 Nxe5 15.
O-O Rae8 16. Rae1 Bc8 17. f4 Neg4 18. e4 fxe4 19. h3 Nh6 20. Ng3 d5 21. cxd5
Bf5 22. Bxe4 Qf7 23. Bxf5 Nxf5 24. Nxf5 gxf5 25. Rxe8 Qxe8 26. Re1 Qd8 27. Re6
Kg7 28. Qe5 Kg6 29. g4 1-0

[Event "C.to Europeo U16"]
[Site "Fermo ITA"]
[Date "2009.09.04"]
[Round "5"]
[White "Arribas Lopez, Angel"]
[Black "Van Kampen, Robin"]
[Result "0-1"]
[WhiteElo "2429"]
[BlackElo "2383"]
[PlyCount "110"]
[EventDate "2009.08.31"]

1. e4 c5 2. Nf3 Nc6 3. d4 cxd4 4. Nxd4 Nf6 5. Nc3 d6 6. Bg5 e6 7. Qd2 a6 8.
O-O-O Bd7 9. f3 h6 10. Be3 Qc7 11. Kb1 Na5 12. Nb3 Nc4 13. Bxc4 Qxc4 14. Bb6
Be7 15. Na5 Qc8 16. f4 Bc6 17. Rhe1 O-O 18. Qf2 Re8 19. Qg3 Bf8 20. a3 Nd7 21.
Bd4 Qc7 22. Nc4 b5 23. Nxd6 Qxd6 24. Bxg7 Qxd1+ 25. Rxd1 Bxg7 26. Rd6 Rac8 27.
e5 Kh8 28. Qh4 a5 29. g4 b4 30. axb4 axb4 31. Na2 b3 32. Nc3 bxc2+ 33. Kxc2 Nf8
34. Qf2 Ng6 35. Kb1 Ne7 36. Rd2 Rb8 37. Qe3 Nd5 38. Nxd5 Bxd5 39. f5 Rb3 40.
Qe2 Reb8 41. f6 Bf8 42. g5 R3b4 43. Qe3 Rc8 44. Rxd5 exd5 45. g6 fxg6 46. e6
Re4 47. Qh3 Re1+ 48. Ka2 d4 49. Qg4 d3 50. Qd4 d2 51. Qxd2 Rxe6 52. Qd4 Rcc6
53. f7+ Rf6 54. b4 Kg7 55. Kb3 Rb6 0-1

[Event "C.to Europeo U16"]
[Site "Fermo ITA"]
[Date "2009.09.04"]
[Round "5"]
[White "Baghdasaryan, Vahe"]
[Black "Kanarek, Marcel"]
[Result "1/2-1/2"]
[WhiteElo "2275"]
[BlackElo "2422"]
[PlyCount "77"]
[EventDate "2009.08.31"]

1. e4 c5 2. Nf3 g6 3. d4 cxd4 4. Nxd4 Nc6 5. Nc3 Bg7 6. Be3 Nf6 7. Bc4 O-O 8.
Bb3 d6 9. f3 Bd7 10. Qd2 Na5 11. Bh6 Bxh6 12. Qxh6 e5 13. Nde2 Nxb3 14. axb3 b5
15. Qd2 Bc6 16. O-O-O Ne8 17. h4 b4 18. Nb1 a5 19. h5 Qc7 20. Rh2 Rc8 21. Rdh1
Nf6 22. c4 d5 23. Qg5 Qd6 24. Ng3 Rc7 25. exd5 Bxd5 26. Nd2 a4 27. hxg6 fxg6
28. Rh6 Qe6 29. Kd1 Bc6 30. bxa4 Bxa4+ 31. b3 Bxb3+ 32. Nxb3 Qxc4 33. Nd2 Qd3
34. Nge4 Nxe4 35. Rxg6+ hxg6 36. Qxg6+ Rg7 37. Qe6+ Rff7 38. Qe8+ Rf8 39. Qe6+
1/2-1/2

[Event "C.to Europeo U16"]
[Site "Fermo ITA"]
[Date "2009.09.04"]
[Round "5"]
[White "Balzano, Aldo"]
[Black "Simongini, Giacomo"]
[Result "1-0"]
[WhiteElo "1853"]
[BlackElo "1566"]
[PlyCount "53"]
[EventDate "2009.08.31"]

1. Nf3 e6 2. c4 Nf6 3. Nc3 b6 4. e4 Bb4 5. Bd3 d6 6. Bc2 Bb7 7. Qe2 c5 8. a3
Ba5 9. d4 cxd4 10. Nxd4 Bxc3+ 11. bxc3 Nbd7 12. Bg5 Nc5 13. Rd1 h6 14. Nb5 hxg5
15. Nxd6+ Ke7 16. Nxb7 Qc7 17. Nxc5 Qxc5 18. O-O Qe5 19. g3 Rh3 20. f4 gxf4 21.
Rxf4 Rah8 22. Rf2 Qxc3 23. e5 Nd7 24. Qe4 Nc5 25. Qf4 f6 26. exf6+ gxf6 27.
Qc7+ 1-0

[Event "C.to Europeo U16"]
[Site "Fermo ITA"]
[Date "2009.09.04"]
[Round "5"]
[White "Fernandez Garcia, Jose' Miguel"]
[Black "Pecurica, Milos"]
[Result "1-0"]
[WhiteElo "2261"]
[BlackElo "2010"]
[PlyCount "49"]
[EventDate "2009.08.31"]

1. e4 c5 2. Nf3 d6 3. d4 cxd4 4. Nxd4 Nf6 5. Nc3 Nc6 6. Bc4 e6 7. Be3 a6 8. Qe2
Qc7 9. O-O-O Na5 10. Bb3 b5 11. f3 Nxb3+ 12. axb3 Bb7 13. g4 b4 14. Na4 Nd7 15.
Qd2 Qa5 16. Kb1 Be7 17. h4 Rd8 18. Qe1 Nc5 19. Bd2 Nxa4 20. Bxb4 Qe5 21. bxa4
h5 22. g5 O-O 23. Bc3 Qf4 24. Rd3 d5 25. e5 1-0

[Event "C.to Europeo U16"]
[Site "Fermo ITA"]
[Date "2009.09.04"]
[Round "5"]
[White "Franciosi, Fausto"]
[Black "Rabatin, Jakub"]
[Result "1/2-1/2"]
[WhiteElo "1993"]
[BlackElo "2175"]
[PlyCount "109"]
[EventDate "2009.08.31"]

1. d4 Nf6 2. c4 g6 3. Nc3 Bg7 4. e4 d6 5. Nf3 O-O 6. Be2 e5 7. d5 a5 8. Bg5 Na6
9. Nd2 Bd7 10. a3 Qe8 11. b3 h6 12. Be3 Nh7 13. Rb1 f5 14. f3 Qe7 15. b4 axb4
16. axb4 Nf6 17. c5 Kh7 18. c6 bxc6 19. dxc6 Be6 20. Qa4 Nc5 21. Qc2 fxe4 22.
bxc5 d5 23. Bf2 e3 24. Bxe3 d4 25. Nde4 dxe3 26. O-O Nxe4 27. Nxe4 Ra2 28. Rb2
Rfa8 29. Rfb1 Bd5 30. Bd3 Qe6 31. Qe2 Rxb2 32. Rxb2 Ra1+ 33. Rb1 Rxb1+ 34. Bxb1
Qxc6 35. Qxe3 Bf8 36. Kh1 Qa6 37. Qd3 Qxd3 38. Bxd3 Bxe4 39. Bxe4 Bxc5 40. g4
Kg7 41. Kg2 Kf6 42. Kg3 Bb4 43. Kf2 Bc5+ 44. Kg3 Be3 45. Kg2 c5 46. Bd3 g5 47.
Kf1 Ke6 48. Bc4+ Kd6 49. Ke2 Bf4 50. h3 e4 51. fxe4 Ke5 52. Kd3 Bc1 53. Bf7 Kf4
54. Kc4 Kxe4 55. Kxc5 1/2-1/2

[Event "C.to Europeo U16"]
[Site "Fermo ITA"]
[Date "2009.09.04"]
[Round "5"]
[White "Hajbok, Robert"]
[Black "Seegert, Kristian"]
[Result "1-0"]
[WhiteElo "2274"]
[BlackElo "2103"]
[PlyCount "57"]
[EventDate "2009.08.31"]

1. d4 d5 2. c4 c6 3. Nc3 Nf6 4. e3 Bf5 5. Nf3 e6 6. Nh4 Be4 7. f3 Bg6 8. Nxg6
hxg6 9. g3 Bd6 10. f4 Nh5 11. Qf3 f5 12. Bd2 Nf6 13. O-O-O Nbd7 14. h3 Qe7 15.
g4 O-O-O 16. gxf5 gxf5 17. c5 Bc7 18. Rg1 Qf7 19. b4 Rdg8 20. b5 Qh5 21. Qg2
Nb8 22. Kc2 Rh7 23. Be2 Qf7 24. Rb1 g6 25. bxc6 bxc6 26. Rb3 Qg7 27. Qf1 Kd7
28. Rb7 Rc8 29. Rxa7 1-0

[Event "C.to Europeo U16"]
[Site "Fermo ITA"]
[Date "2009.09.04"]
[Round "5"]
[White "Hartl, Daniel"]
[Black "Givon, Asaf"]
[Result "0-1"]
[WhiteElo "2249"]
[BlackElo "2132"]
[PlyCount "70"]
[EventDate "2009.08.31"]

1. e4 c5 2. Nf3 d6 3. d4 cxd4 4. Nxd4 Nf6 5. Nc3 a6 6. Bg5 e6 7. f4 b5 8. e5
dxe5 9. fxe5 Qc7 10. exf6 Qe5+ 11. Be2 Qxg5 12. O-O Ra7 13. Nf3 Bc5+ 14. Kh1
Qxf6 15. Ne4 Qe7 16. b4 Bxb4 17. a4 Rd7 18. Qb1 Bb7 19. Nfg5 Bxe4 20. Nxe4 bxa4
21. Rxa4 Bd6 22. Nc5 Bxc5 23. Qxb8+ Rd8 24. Qg3 O-O 25. Rxa6 Rd5 26. Qh3 Rd4
27. Bd3 g6 28. Qf3 Kg7 29. Ra5 Bd6 30. Qe3 Rh4 31. h3 Bb8 32. Rb5 Qd6 33. Qg1
Qg3 34. Rf2 Ba7 35. Qa1+ Bd4 0-1

[Event "C.to Europeo U16"]
[Site "Fermo ITA"]
[Date "2009.09.04"]
[Round "5"]
[White "Huseyn, Orkhan Samir Oglu"]
[Black "Botto, Julien"]
[Result "0-1"]
[WhiteElo "2121"]
[BlackElo "1906"]
[PlyCount "60"]
[EventDate "2009.08.31"]

1. e4 c5 2. Nf3 Nc6 3. d4 cxd4 4. Nxd4 Nf6 5. Nc3 e5 6. Ndb5 d6 7. Bg5 a6 8.
Na3 b5 9. Nd5 Be7 10. Bxf6 Bxf6 11. c3 Bg5 12. Nc2 O-O 13. a4 bxa4 14. Rxa4 a5
15. Bc4 Kh8 16. Nce3 Ne7 17. Nxe7 Qxe7 18. Nd5 Qb7 19. h4 Bh6 20. Qa1 f5 21.
Rxa5 Rxa5 22. Qxa5 Bd2+ 23. Ke2 Bh6 24. Qb4 Qf7 25. Qxd6 fxe4 26. Rf1 Bg4+ 27.
Ke1 Ra8 28. Ba6 Rxa6 29. Qxa6 Qxd5 30. f4 e3 0-1

[Event "C.to Europeo U16"]
[Site "Fermo ITA"]
[Date "2009.09.04"]
[Round "5"]
[White "Javakhadze, Zurab"]
[Black "Mammadov, Zaur Fazahir Oglu"]
[Result "1-0"]
[WhiteElo "2309"]
[BlackElo "2235"]
[PlyCount "71"]
[EventDate "2009.08.31"]

1. d4 d5 2. Nf3 Nf6 3. c4 c6 4. e3 e6 5. b3 Bd6 6. Bd3 O-O 7. Bb2 Ne4 8. O-O
Nd7 9. Ne5 Qc7 10. f4 f6 11. cxd5 fxe5 12. dxe6 exf4 13. exd7 Bxd7 14. Bxe4
fxe3 15. Nc3 Bxh2+ 16. Kh1 Rxf1+ 17. Qxf1 Qg3 18. Bf5 Bxf5 19. Qxf5 Rf8 20. Qh5
Rf2 21. Qxh2 Qg4 22. Ba3 h6 23. Bd6 Rf5 24. Qg3 Rh5+ 25. Kg1 Qxd4 26. Bf4 Qxc3
27. Re1 Qf6 28. Rxe3 Rf5 29. Be5 Rf1+ 30. Kh2 Qf7 31. Qg4 Rf5 32. Bc3 h5 33.
Qe4 Rd5 34. Rg3 Qc7 35. Qe8+ Kh7 36. Qg6+ 1-0

[Event "C.to Europeo U16"]
[Site "Fermo ITA"]
[Date "2009.09.04"]
[Round "5"]
[White "Kaforos, Dimitrios-Alkis"]
[Black "Rombaldoni, Brian"]
[Result "1-0"]
[WhiteElo "2209"]
[BlackElo "1831"]
[PlyCount "77"]
[EventDate "2009.08.31"]

1. e4 c6 2. d4 d5 3. Nc3 dxe4 4. Nxe4 Nd7 5. Ng5 Ngf6 6. Bc4 e6 7. Qe2 Nb6 8.
Bb3 h6 9. N5f3 c5 10. Be3 Qc7 11. dxc5 Bxc5 12. Nd4 Bb4+ 13. Bd2 Bxd2+ 14. Qxd2
O-O 15. Ngf3 Rd8 16. O-O-O Nbd5 17. Rhe1 b6 18. Ne5 Bb7 19. g4 a5 20. g5 hxg5
21. Qxg5 a4 22. Bc4 Ne8 23. Nb5 Qc5 24. Qh5 Qe7 25. Bd3 Ndf6 26. Qh4 Qc5 27.
Bh7+ Kf8 28. Nd4 Rac8 29. Ng6+ fxg6 30. Nxe6+ Kf7 31. Nxc5 Rxd1+ 32. Rxd1 Rxc5
33. Qxa4 Ra5 34. Qb3+ Bd5 35. Qxb6 Rxa2 36. Bxg6+ Kxg6 37. Rxd5 Kf7 38. Rd7+
Kf8 39. Qb4+ 1-0

[Event "C.to Europeo U16"]
[Site "Fermo ITA"]
[Date "2009.09.04"]
[Round "5"]
[White "Kokotovic, Aleksandar"]
[Black "Meskovs, Nikita"]
[Result "0-1"]
[WhiteElo "1967"]
[BlackElo "2221"]
[PlyCount "88"]
[EventDate "2009.08.31"]

1. e4 c5 2. Nf3 e6 3. c4 a6 4. Nc3 Qc7 5. Be2 d6 6. d4 cxd4 7. Nxd4 Nf6 8. Be3
Nbd7 9. O-O b6 10. f3 Bb7 11. Rc1 Rc8 12. Qd2 Be7 13. g4 h6 14. Rf2 Qb8 15. Rg2
Bd8 16. Bf2 g5 17. Bg3 h5 18. h3 Ne5 19. b3 Ng6 20. Nc2 Be7 21. Qe3 Qc7 22. Na4
hxg4 23. hxg4 Nd7 24. Rh2 Rxh2 25. Kxh2 Bf6 26. Rd1 Nf4 27. Bxf4 gxf4 28. Qd2
b5 29. Nc3 bxc4 30. b4 Qb6 31. Kg2 Ke7 32. a4 Be5 33. a5 Qa7 34. Na3 Qe3 35.
Qxe3 fxe3 36. Rc1 d5 37. exd5 exd5 38. Nd1 Rh8 39. Nb1 Rh2+ 40. Kf1 Bd6 41. Rc3
Bf4 42. Na3 d4 43. Rxc4 d3 44. Bxd3 Bxf3 0-1

[Event "C.to Europeo U16"]
[Site "Fermo ITA"]
[Date "2009.09.04"]
[Round "5"]
[White "Kotainy, Jens"]
[Black "Handler, Lukas"]
[Result "1/2-1/2"]
[WhiteElo "2270"]
[BlackElo "2115"]
[PlyCount "53"]
[EventDate "2009.08.31"]

1. e4 e5 2. Bc4 Nf6 3. d4 Nxe4 4. dxe5 c6 5. Nf3 Be7 6. O-O O-O 7. Re1 d5 8.
exd6 Nxd6 9. Bb3 Bf6 10. c3 Bf5 11. Bf4 Ne4 12. Nd4 Bg6 13. Bc2 Nc5 14. Nf5
Qxd1 15. Rxd1 Ne6 16. Bd6 Rd8 17. Na3 Na6 18. Ne7+ Bxe7 19. Bxe7 Re8 20. Bd6
Bxc2 21. Nxc2 Rad8 22. Ne3 Rd7 23. Be5 Red8 24. Rxd7 Rxd7 25. Rd1 Rxd1+ 26.
Nxd1 Nac5 27. Kf1 1/2-1/2

[Event "C.to Europeo U16"]
[Site "Fermo ITA"]
[Date "2009.09.04"]
[Round "5"]
[White "Lortkipanidze, Nodar"]
[Black "Ballas, Kleon-Evangelos"]
[Result "1-0"]
[WhiteElo "2218"]
[BlackElo "1859"]
[PlyCount "93"]
[EventDate "2009.08.31"]

1. d4 Nf6 2. Nc3 d5 3. Bg5 Nbd7 4. Nf3 g6 5. Qd2 Ne4 6. Nxe4 dxe4 7. Ng1 h6 8.
Bh4 Bg7 9. e3 c5 10. c3 Qb6 11. Bc4 cxd4 12. cxd4 Nf6 13. Ne2 Be6 14. Bxe6 Qxe6
15. Bxf6 Bxf6 16. Qc2 Bg7 17. Nc3 O-O 18. Qxe4 Qc4 19. f4 Rfd8 20. Rd1 b5 21.
Qd3 Qe6 22. O-O b4 23. Na4 Qxa2 24. b3 Rac8 25. Rf2 Qa3 26. Qb1 Rxd4 27. exd4
Bxd4 28. Rxd4 Rc1+ 29. Rd1 Rxb1 30. Rxb1 g5 31. f5 h5 32. g4 h4 33. Rfb2 Kf8
34. Kf2 Ke8 35. Rd1 f6 36. Ke3 Kf7 37. Ke4 e6 38. fxe6+ Kxe6 39. Rf1 Ke7 40.
Kf5 Kf7 41. Re1 Kg7 42. Ke6 Kg6 43. Rf1 Kg7 44. h3 Kg6 45. Rxf6+ Kg7 46. Rf1
Kg6 47. Ke5 1-0

[Event "C.to Europeo U16"]
[Site "Fermo ITA"]
[Date "2009.09.04"]
[Round "5"]
[White "Melone, Antonio"]
[Black "Jacko, Vladimir"]
[Result "0-1"]
[WhiteElo "1881"]
[BlackElo "2137"]
[PlyCount "98"]
[EventDate "2009.08.31"]

1. d4 Nf6 2. c4 e5 3. dxe5 Ng4 4. Nf3 Bc5 5. e3 Nc6 6. Bd2 a5 7. Bc3 Qe7 8. Be2
Ncxe5 9. O-O O-O 10. Na3 Ra6 11. Nxe5 Nxe5 12. Nb5 Rh6 13. g3 Qe6 14. Qd5 Qh3
15. Qg2 Qf5 16. Nxc7 d6 17. Nd5 Re8 18. Rfe1 Ng4 19. Bxg4 Qxg4 20. Bd4 Qh5 21.
Bxc5 dxc5 22. f3 Bh3 23. Qf2 Qe5 24. e4 b6 25. f4 Qh5 26. Rad1 Bg4 27. Rd3 f5
28. e5 Qf7 29. Qd2 Rhe6 30. Ne3 Bh5 31. Rd7 Qf8 32. Qd3 Bg6 33. Rd1 h6 34. Qd5
Kh7 35. Rd6 Bf7 36. Rxe6 Bxe6 37. Qd6 Qf7 38. Qxb6 Qh5 39. Rd2 Qf3 40. Qxc5 Rc8
41. Qd4 Rd8 42. Qxd8 Qxe3+ 43. Kg2 Bc8 44. Qd3 Qe1 45. Qe2 Bb7+ 46. Kh3 Qh1 47.
e6 Bf3 48. Qe5 Bg4+ 49. Kh4 Qf1 0-1

[Event "C.to Europeo U16"]
[Site "Fermo ITA"]
[Date "2009.09.04"]
[Round "5"]
[White "Miandro, Steven"]
[Black "Draskovic, Davor"]
[Result "0-1"]
[WhiteElo "1878"]
[BlackElo "1702"]
[PlyCount "92"]
[EventDate "2009.08.31"]

1. d4 Nf6 2. c4 e6 3. Nc3 Bb4 4. Qc2 O-O 5. a3 Bxc3+ 6. Qxc3 b6 7. Bg5 Bb7 8.
f3 h6 9. Bh4 d5 10. e3 Nbd7 11. Bd3 c5 12. Ne2 Rc8 13. b3 cxd4 14. exd4 dxc4
15. bxc4 Nd5 16. Bxd8 Nxc3 17. Bh4 Na4 18. Rb1 a5 19. O-O Ba6 20. Rfc1 Rc6 21.
Bc2 Rxc4 22. Bb3 Rxc1+ 23. Rxc1 Bxe2 24. Bxa4 b5 25. Rc7 Nf6 26. Bb3 Rd8 27.
Bf2 Ne8 28. Rc5 Nd6 29. Be1 a4 30. Ba2 Bd1 31. Bg3 Nf5 32. Be5 Nxd4 33. Bxd4
Rxd4 34. Rxb5 g6 35. Bb1 Bb3 36. Kf2 Rd2+ 37. Kg3 Rb2 38. Bd3 Ra2 39. Rb4 Rxa3
40. h4 Ra1 41. Kg4 Bd5 42. h5 g5 43. f4 gxf4 44. Kxf4 a3 45. Ke5 a2 46. Kd6 Rc1
0-1

[Event "C.to Europeo U16"]
[Site "Fermo ITA"]
[Date "2009.09.04"]
[Round "5"]
[White "Mraz, Martin"]
[Black "Di Trapani, Davide"]
[Result "0-1"]
[WhiteElo "1813"]
[BlackElo "1883"]
[PlyCount "80"]
[EventDate "2009.08.31"]

1. e4 e5 2. Nf3 Nc6 3. Bb5 a6 4. Ba4 Nf6 5. O-O b5 6. Bb3 Bc5 7. d3 d6 8. Nc3
Bg4 9. Nd5 Nd4 10. Bg5 Nxf3+ 11. gxf3 Bh3 12. Re1 c6 13. Nxf6+ gxf6 14. Bh4
Rg8+ 15. Bg3 Qd7 16. d4 Bxd4 17. c3 Bc5 18. Qd2 Rg6 19. Kh1 f5 20. f4 fxe4 21.
Rxe4 Bf5 22. Ree1 e4 23. Bc2 d5 24. a4 Rd8 25. axb5 axb5 26. b4 Bb6 27. Bd3 Kf8
28. Bf1 Bg4 29. Bg2 h5 30. Ra6 Qb7 31. Rea1 Kg7 32. Qb2 f6 33. Qd2 Rh8 34. Bh4
Bc8 35. R6a2 Rg4 36. Rg1 Kf7 37. Bg3 h4 38. Qe2 hxg3 39. fxg3 Bxg1 40. Kxg1
Qb6+ 0-1

[Event "C.to Europeo U16"]
[Site "Fermo ITA"]
[Date "2009.09.04"]
[Round "5"]
[White "Nakar, Eylon"]
[Black "Grandelius, Nils"]
[Result "1/2-1/2"]
[WhiteElo "2242"]
[BlackElo "2515"]
[PlyCount "146"]
[EventDate "2009.08.31"]

1. e4 c5 2. d3 Nc6 3. g3 g6 4. Bg2 Bg7 5. f4 e6 6. Nf3 Nge7 7. O-O O-O 8. Nc3
d6 9. Be3 b6 10. Bf2 Ba6 11. Re1 Qc7 12. a4 Rac8 13. Nh4 Nd4 14. Nb1 c4 15.
dxc4 Ndc6 16. c3 Bxc4 17. Na3 d5 18. Nb5 Qd7 19. e5 Na5 20. Nd4 Nec6 21. Nhf3
Nxd4 22. Nxd4 Nb7 23. b3 Ba6 24. b4 Bc4 25. Qd2 a5 26. Reb1 Ra8 27. Nc2 axb4
28. Rxb4 Na5 29. Nd4 Rfb8 30. Rab1 Ba6 31. Nb5 Bf8 32. Nd6 Bxd6 33. exd6 Nc4
34. Qd4 Qxd6 35. Qf6 Qd8 36. Qxd8+ Rxd8 37. Bxb6 Nxb6 38. Rxb6 Bd3 39. Ra1 Rdc8
40. Ra3 Rc5 41. Bf1 Bxf1 42. Kxf1 Kg7 43. Ke2 Kf6 44. Kd3 h5 45. Rb4 Kf5 46. c4
Kg4 47. cxd5 Rxd5+ 48. Rd4 Rda5 49. Kc3 g5 50. Kb4 R8a7 51. Rc4 gxf4 52. Rxf4+
Kg5 53. Rxf7 Rxa4+ 54. Rxa4 Rxf7 55. Kc5 Rf2 56. Rh4 Rd2 57. Kc4 e5 58. Kc3 Rd8
59. Re4 Kf5 60. Rh4 Kg5 61. Re4 Kf5 62. Rh4 e4 63. Rxh5+ Kg4 64. Re5 Kf3 65. g4
Rh8 66. Kd4 Rd8+ 67. Kc3 Rg8 68. Kd2 Rd8+ 69. Ke1 Ra8 70. Rf5+ Kxg4 71. Rf2
Ra1+ 72. Ke2 Ra2+ 73. Ke3 Rxf2 1/2-1/2

[Event "C.to Europeo U16"]
[Site "Fermo ITA"]
[Date "2009.09.04"]
[Round "5"]
[White "Nestorovic, Lazar"]
[Black "Firat, Burak"]
[Result "0-1"]
[WhiteElo "2240"]
[BlackElo "2310"]
[PlyCount "90"]
[EventDate "2009.08.31"]

1. e4 c5 2. Nf3 Nc6 3. d4 cxd4 4. Nxd4 Nf6 5. Nc3 e5 6. Ndb5 d6 7. Bg5 a6 8.
Na3 b5 9. Nd5 Be7 10. Bxf6 Bxf6 11. c4 b4 12. Nc2 O-O 13. g3 Bg5 14. Bg2 Qa5
15. O-O Qc5 16. b3 a5 17. Kh1 Ne7 18. Nxe7+ Bxe7 19. Ne3 Bg5 20. Re1 Be6 21. h4
Bd8 22. Qf3 Bb6 23. Red1 a4 24. Rab1 axb3 25. axb3 Ra2 26. Rd3 Qc7 27. Rbd1 Bc5
28. R1d2 Rxd2 29. Rxd2 Qa7 30. Nf5 g6 31. Ne3 Qa1+ 32. Kh2 Qc3 33. Qd1 Ra8 34.
Rd3 Qb2 35. Rd2 Qc3 36. Rd3 Qa1 37. Rxd6 Bxd6 38. Qxd6 Qe1 39. Nd5 Bxd5 40.
exd5 Ra2 41. Kh3 Rxf2 42. Qb8+ Kg7 43. d6 Qd2 44. Qb7 Qxd6 45. Bd5 Qf6 0-1

[Event "C.to Europeo U16"]
[Site "Fermo ITA"]
[Date "2009.09.04"]
[Round "5"]
[White "Orava, Aleksander"]
[Black "Marguerettaz, Davy"]
[Result "0-1"]
[WhiteElo "1794"]
[BlackElo "2048"]
[PlyCount "54"]
[EventDate "2009.08.31"]

1. d4 d5 2. Nc3 Nf6 3. Bg5 c5 4. Bxf6 gxf6 5. e4 dxe4 6. dxc5 Qa5 7. Qh5 f5 8.
Bb5+ Nc6 9. O-O-O Bg7 10. Bc4 O-O 11. Nh3 h6 12. Ne2 Qxc5 13. Bb3 Be6 14. Bxe6
fxe6 15. c3 Qc4 16. Kb1 b5 17. b3 Qc5 18. Nhf4 Rf6 19. g4 b4 20. Rc1 Qxf2 21.
g5 hxg5 22. Qxg5 Ne5 23. Rhg1 Rf7 24. Nxe6 Nf3 25. Qxg7+ Rxg7 26. Rxg7+ Kh8 27.
N2f4 Ne5 0-1

[Event "C.to Europeo U16"]
[Site "Fermo ITA"]
[Date "2009.09.04"]
[Round "5"]
[White "Popilski, Gil"]
[Black "Pavlidis, Antonios"]
[Result "1-0"]
[WhiteElo "2392"]
[BlackElo "2360"]
[PlyCount "77"]
[EventDate "2009.08.31"]

1. e4 e5 2. Nf3 Nc6 3. Bb5 a6 4. Ba4 Nf6 5. O-O Be7 6. Re1 b5 7. Bb3 O-O 8. h3
d6 9. c3 Na5 10. Bc2 d5 11. exd5 e4 12. Bxe4 Nxe4 13. Rxe4 Bb7 14. d4 Re8 15.
Nbd2 Bxd5 16. Re1 Bd6 17. Rxe8+ Qxe8 18. Nf1 Nc4 19. b3 Nb6 20. Ne3 Bc6 21. Nd2
Nd5 22. Nxd5 Bxd5 23. c4 bxc4 24. bxc4 Bc6 25. Bb2 Rd8 26. Qg4 Bd7 27. Qf3 Qe6
28. d5 Qg6 29. Rc1 Be7 30. Re1 Bf8 31. Qc3 Rb8 32. Re3 h5 33. Rg3 Qh6 34. Ne4
h4 35. Rg5 Rxb2 36. Qxb2 f5 37. Nf6+ Kf7 38. Nxd7 Qxg5 39. Nxf8 1-0